000 01105nam a22003257a 4500
003 CHAP
005 20220329134735.0
008 971013s1985 r 00010 d
010 _a25085
011 _a26057
035 _a30157
040 _cCHAP
082 _a530.12
_bH3Y 1981
100 0 0 _aHanna, Melvin W.
_952540
245 _aMecánica cuántica para químicos
260 _aMéxico, D.F. :
_bFondo Educativo Interamericano,
_c1985
300 _a294 p.
_b: ilus. ; gráfs.
500 _aTrad. de la 3 ed. en inglés de 1981
590 _aBATCH-UPD
_b10
_c20130109
_lUCH01
_h2330
590 _aBATCH-UPD
_b10
_c20130110
_lUCH01
_h1510
590 _aBATCH-UPD
_b10
_c20130410
_lUCH01
_h0927
590 _aBATCH-UPD
_b10
_c20130914
_lUCH01
_h1601
590 _aCONVERSION
_b10
_c20130109
_lUCH01
_h1315
650 1 4 _aQuímica.
_993552
650 1 4 _aTeoría cuántica.
_9112307
901 _aBK
942 _cLIBRO
949 _a530.12 H3Y 1981
_bBC
_cLIBRO
_d33724000410866
_eLIBRO
_gI.127017
_h66551
_i30157
_si
949 _a530.12 H3Y 1981
_bBC
_cLIBRO
_d33724000410874
_eLIBRO
_fc.2
_gI.127018
_h66552
_i30157
_si
999 _c25085
_d25085